| 000 | 00608nam a2200181Ia 4500 | ||
|---|---|---|---|
| 005 | 20250423094642.0 | ||
| 008 | 250422s9999 xx 000 0 und d | ||
| 020 | _a9788120347427 | ||
| 050 | _aHF 5605 .D37/ | ||
| 100 | _aDas, Subhash Chandra | ||
| 245 | 0 | _aBusiness accounting and financial management | |
| 260 | _aDelhi | ||
| 260 | _bPHI Learning Private Limited | ||
| 260 | _c2015 | ||
| 300 | _a907 p | ||
| 650 | _a Accounting. BUSINESS & ECONOMICS / Accounting / Financial BUSINESS & ECONOMICS / Accounting / Managerial BUSINESS & ECONOMICS / Accounting / General | ||
| 942 | _cBK | ||
| 999 |
_c27886 _d27886 |
||